000 00352nam a2200145Ia 4500
008 191201s2011 xx 000 0 und d
082 _a629.831
_bGOM
100 _aGOPAL, M
245 0 _aModern Control System Theory
250 _aRep
260 _aN. Delhi
_bNew Age International
_c2011
300 _a688
650 _aM.Tech (ECE)
942 _2ddc
_cBK
999 _c5021
_d5021